000 00525nam a2200181 4500
001 140255
003 ES-MaACL
005 20230906200036.0
007 t|
008 070214s1981 sp r ||||1| spa d
100 1 _aSchumacher, E. F.
_9104803
245 1 0 _aGuía para los perplejos /
_cE. F. Schumacher ; versión de Guillermo Saiz-Calleja.
250 _a1ª. ed.
260 _aMadrid :
_bDebate,
_c1981.
300 _a206 p. ;
_c18 cm.
700 1 _aLorenzo, Guillermo.
_974149
852 _aES-MaACL
_jL-2162
_bR.102414
999 _c140255
_d140255